Statistics for Largest Malls of New Jersey

Click here to take the quiz!

General Stats

  • This quiz has been taken 153 times
  • The average score is 4 of 10

Answer Stats

gross leasable area (sq ft)mall% Correct
1,342,000Short Hills Mall
61%
2,000,000Garden State Plaza
54%
1,232,000Menlo Park Malll
49%
1,633,000Woodbridge Center
48%
1,283.000Cherry Hill Mall
45%
1,514,000Willowbrook Mall
42%
1,293,611Jersey Gardens
41%
1,671,000Freehold Raceway Mall
39%
1,500,000Monmouth Mall
30%
1,250,000Rockaway Townsquare
28%

Score Distribution

Percentile by Number Answered

Percent of People with Each Score

Your Score History

You have not taken this quiz